00647cam a22002171 4500001000800000005001700008008004100025010001700066040001800083041000800101080001500109082001900124100000700143101000800150245005300158504003000211906004500241942001200286999001700298952011400315310921620171226082312.0800915s1942 nyu b 000 0 eng  a 42018206  aDLCcDLCdDLC aeng a330.09 ROL00a330.09 ROL2191 a52 aEKO02aA history of economic thought,cby Eric Roll ... aBibliography: p. 557-561. a7bcbccorignewd1eocipf19gy-gencatlg 2ddccBK c39418d39418 00102udc40708PËKGa002b002cPËKGd2017-12-26l0o330.09 ROLp002-2939981r2017-12-26w2017-12-26yBK